El diseño en una planta de manufactura /

I tiakina i:
Ngā taipitopito rārangi puna kōrero
Kaituhi matua: Ramírez Ramírez, Víctor Roberto (autor)
Hōputu: Tuhinga whakapae Pukapuka
Reo:Pāniora
Ngā marau:
Ngā Tūtohu: Tāpirihia he Tūtohu
Kāore He Tūtohu, Me noho koe te mea tuatahi ki te tūtohu i tēnei pūkete!

MARC

LEADER 00000nam^a2200000^a^4500
001 000130223
005 20250521000000.0
009 20260310094941.232
037 |a Acervo ITESO - Biblioteca 
041 |a ESP 
090 |a IEL. 240 
100 |a Ramírez Ramírez, Víctor Roberto  |e (autor) 
245 1 3 |a El diseño en una planta de manufactura /  |c V.R. Ramírez Ramírez. 
264 |a Guadalajara, México :  |b edición de autor,  |c 2001 
300 |a 40 p. 
336 |a texto  |b txt  |2 rdacontenido 
337 |a sin mediación  |b n  |2 rdamedio 
338 |a volumen  |b nc  |2 rdasoporte 
502 |a ITESO Reporte Profesional de Licenciatura en Ingeniería Electrónica 
649 |a XX 
650 |a Industria Electrónica -  |z Tijuana, Baja California (Norte) 
650 |a Industria Electrónica -  |x Equipo y Aparatos 
650 |a Accesorios y Aparatos Domésticos Eléctricos 
650 |a Diseño Industrial 
650 |a Ingeniería Electrónica 
650 |a Experiencia Profesional -  |x Informes 
910 |a Fondo General 
920 |a Impresos - Tesis del ITESO 
930 |a Colección General 
905 |a 104 
901 |a 0500060399  |b IT2  |c TSS  |u 20250521 
902 |a https://opac.biblio.iteso.mx/vufind/Record/000130223